[Event "Scarborough CC Late Fall Swiss"]
[Site "Toronto CAN"]
[Date "2006.??.??"]
[Round "6"]
[White "Lung, Patrick"]
[Black "Tursman, Richard"]
[Result "1-0"]
[WhiteElo "1400"]
[BlackElo "1600"]
[PlyCount "111"]
[EventDate "2006.11.02"]
[EventType "swiss"]
[EventRounds "8"]
[EventCountry "CAN"]

1. e4 d5 2. exd5 Nf6 3. Nc3 Nxd5 4. Nf3 Nxc3 5. dxc3 Qxd1+ 6. Kxd1 Bg4 7. Be2
Nc6 8. Nd4 Bxe2+ 9. Kxe2 e5 10. Nxc6 bxc6 11. Be3 Bd6 12. Rad1 O-O 13. f3 f5
14. c4 c5 15. Rd5 e4 16. f4 g5 17. Bxc5 gxf4 18. Bxd6 cxd6 19. Rf1 f3+ 20. gxf3
exf3+ 21. Rxf3 Rae8+ 22. Kd2 Re6 23. Rdxf5 Rfe8 24. Rf2 R6e7 25. Rf6 Re4 26.
Rg2+ Kh8 27. b3 R4e6 28. Rf7 Rg6 29. Rxg6 hxg6 30. Rf6 Kg7 31. Rxd6 Rh8 32.
Rd7+ Kf6 33. Rxa7 Rxh2+ 34. Kc3 g5 35. c5 Rh8 36. c6 Kf5 37. Ra5+ Kf4 38. c7
Rc8 39. Rc5 g4 40. Rc6 Kf3 41. Rf6+ Kg2 42. Rf7 g3 43. Rg7 Kf2 44. b4 g2 45. b5
g1=Q 46. Rxg1 Rxc7+ 47. Kb4 Kxg1 48. c4 Kf2 49. c5 Ke3 50. b6 Rb7 51. Kb5 Kd4
52. c6 Rh7 53. b7 Rh2 54. c7 Rb2+ 55. Kc6 Rc2+ 56. Kd7 1-0

[Event "Scarborough CC Late Fall Swiss"]
[Site "Toronto CAN"]
[Date "2006.12.07"]
[Round "6"]
[White "Moran, Mario"]
[Black "Paterson, Jim"]
[Result "1-0"]
[WhiteElo "1630"]
[BlackElo "1923"]
[PlyCount "99"]
[EventDate "2006.11.02"]
[EventType "swiss"]
[EventRounds "8"]
[EventCountry "CAN"]

1. f4 Nf6 2. Nf3 d6 3. e3 c5 4. b3 Nc6 5. Bb2 Bg4 6. Bb5 e6 7. Bxc6+ bxc6 8. h3
Bxf3 9. Qxf3 d5 10. g4 Qc7 11. g5 Nd7 12. Rg1 O-O-O 13. Qh5 Nb6 14. a4 d4 15.
Qe2 dxe3 16. dxe3 Nd5 17. Be5 Qa5+ 18. Kf2 Kb7 19. Na3 Nxf4 20. Nc4 Nxe2 21.
Nxa5+ Ka6 22. Kxe2 Rd5 23. Bc3 h6 24. e4 Rxg5 25. Nxc6 Bd6 26. Bxg7 Rh7 27. Bf6
Rh5 28. h4 Kb6 29. Ne7 Be5 30. Ng8 Bxa1 31. Bxa1 Rxh4 32. Nf6 Rh2+ 33. Kd3 Rh8
34. Nd7+ Kc7 35. Bxh8 Kxd7 36. Be5 Rh5 37. Bb8 a6 38. Rg7 Ke7 39. e5 Kf8 40.
Rg2 f6 41. Rf2 f5 42. Bd6+ Kf7 43. Kc4 Rh1 44. Kxc5 h5 45. Kb6 h4 46. Kxa6 h3
47. b4 Ke8 48. a5 Kd7 49. Kb6 h2 50. Kb7 1-0

[Event "Scarborough CC Late Fall Swiss"]
[Site "Toronto CAN"]
[Date "2006.12.07"]
[Round "6"]
[White "Morra, Lui"]
[Black "Mesiti, Silvano"]
[Result "0-1"]
[WhiteElo "1561"]
[BlackElo "1726"]
[PlyCount "86"]
[EventDate "2006.11.02"]
[EventType "swiss"]
[EventRounds "8"]
[EventCountry "CAN"]

1. e4 e5 2. Nf3 d6 3. Bc4 Be7 4. c3 Nf6 5. Qe2 O-O 6. h3 Nc6 7. d4 exd4 8. cxd4
d5 9. exd5 Nxd5 10. O-O Re8 11. Re1 Be6 12. Bd3 Nf6 13. Be3 Nb4 14. Bb5 c6 15.
Ba4 Nxa2 16. Nc3 Nb4 17. Ng5 Bf5 18. Bb3 Bg6 19. Qc4 Nbd5 20. Nf3 Nb6 21. Qe2
Bd6 22. Rad1 Bc7 23. Qd2 Bh5 24. g4 Bg6 25. Bg5 Qd6 26. Ne5 Nbd5 27. Bh4 Qb4
28. Ba2 Ba5 29. Nxg6 hxg6 30. Qg5 Nxc3 31. bxc3 Qxc3 32. Rxe8+ Rxe8 33. Qxg6
Re1+ 34. Rxe1 Qxe1+ 35. Kg2 Qe4+ 36. Qxe4 Nxe4 37. Kf3 Nc3 38. Bb3 Nd5 39. Ke4
Nc3+ 40. Ke5 Bc7+ 41. Kf5 a5 42. Be7 Nb5 43. g5 Nxd4+ 0-1

[Event "Scarborough CC Late Fall Swiss"]
[Site "Toronto CAN"]
[Date "2006.12.07"]
[Round "6"]
[White "Rapoport, Alexander"]
[Black "Lung, Patrick"]
[Result "1-0"]
[WhiteElo "1989"]
[BlackElo "1436"]
[PlyCount "111"]
[EventDate "2006.11.02"]
[EventType "swiss"]
[EventRounds "8"]
[EventCountry "CAN"]

1. d4 d5 2. Nd2 Nc6 3. e3 a6 4. f4 Nf6 5. Ndf3 Bf5 6. c3 Be4 7. Nh3 h6 8. Bd3
e6 9. Qc2 Be7 10. Bd2 b5 11. O-O Na5 12. Ne5 Nc4 13. Nxc4 bxc4 14. Bxe4 Nxe4
15. Nf2 f5 16. b3 cxb3 17. axb3 O-O 18. Nxe4 fxe4 19. c4 c6 20. Rfc1 Bf6 21.
cxd5 cxd5 22. Qc6 Qc8 23. Qd6 Qb7 24. Qxe6+ Kh8 25. b4 Rfd8 26. Qc6 Qa7 27. Rc5
Rac8 28. Qxa6 Qxa6 29. Rxa6 Rb8 30. Raa5 Be7 31. Rxd5 Rxd5 32. Rxd5 Bxb4 33.
Bxb4 Rxb4 34. Re5 Rb1+ 35. Kf2 Rb2+ 36. Kg3 Kg8 37. Rxe4 Kf7 38. d5 Rb5 39. Rd4
Ke7 40. Kf3 Kd6 41. e4 Rb3+ 42. Kg4 Rb2 43. Kh3 Rb3+ 44. g3 Rb7 45. e5+ Kd7 46.
f5 Rb6 47. d6 Rb8 48. e6+ Kd8 49. Rc4 Rc8 50. e7+ Kd7 51. Rxc8 Kxc8 52. e8=Q+
Kb7 53. d7 g6 54. d8=Q gxf5 55. Qb5+ Ka7 56. Qdb8# 1-0

[Event "Scarborough CC Late Fall Swiss"]
[Site "Toronto CAN"]
[Date "2006.12.07"]
[Round "6"]
[White "Sherman, Josh"]
[Black "Bellomo, Joe"]
[Result "1/2-1/2"]
[WhiteElo "1701"]
[BlackElo "1782"]
[PlyCount "87"]
[EventDate "2006.11.02"]
[EventType "swiss"]
[EventRounds "8"]
[EventCountry "CAN"]

1. d4 d5 2. c4 Nf6 3. Nc3 e6 4. e3 b6 5. Nf3 Bb7 6. Be2 Be7 7. O-O O-O 8. b3
Nbd7 9. Bb2 c5 10. dxc5 Nxc5 11. cxd5 Nxd5 12. Nxd5 Bxd5 13. Rc1 Bf6 14. Ba3
Rc8 15. Bxc5 bxc5 16. Qc2 Qa5 17. Nd2 Rfd8 18. Rfd1 h6 19. Nc4 Qc7 20. Rd2 Bxc4
21. Bxc4 Rxd2 22. Qxd2 Rd8 23. Qc2 Qa5 24. a4 Rd2 25. Qe4 Qd8 26. Qf3 Bb2 27.
Rf1 a5 28. g3 Bc3 29. Qc6 Bb4 30. Qf3 Rd6 31. Qe4 Bc3 32. Qc2 Bf6 33. Qe4 Bg5
34. Kg2 Rd2 35. h4 Bf6 36. Qc6 Be7 37. Qe4 Rd6 38. Kg1 Qc7 39. Qf3 Qd8 40. Qe4
Kh8 41. Qf3 Bf6 42. Qe4 Bc3 43. Qf3 Bf6 44. Qe4 1/2-1/2

[Event "Scarborough CC Late Fall Swiss"]
[Site "Toronto CAN"]
[Date "2006.12.07"]
[Round "6"]
[White "Smith, Maurice"]
[Black "Guo, Joshua"]
[Result "0-1"]
[WhiteElo "1775"]
[BlackElo "2104"]
[PlyCount "82"]
[EventDate "2006.11.02"]
[EventType "swiss"]
[EventRounds "8"]
[EventCountry "CAN"]

1. d4 Nf6 2. c4 g6 3. Nc3 Bg7 4. e4 d6 5. Nf3 O-O 6. Be2 e5 7. dxe5 dxe5 8.
Qxd8 Rxd8 9. Bg5 Na6 10. O-O h6 11. Bxf6 Bxf6 12. Nd5 Kg7 13. Rfd1 Be6 14. a3
c6 15. Nxf6 Kxf6 16. b4 c5 17. b5 Nc7 18. Nd2 b6 19. f3 Ke7 20. Nf1 Rd4 21. Ne3
f5 22. Nd5+ Bxd5 23. exd5 Ne8 24. Rac1 Nd6 25. Re1 Kf6 26. Bf1 Re8 27. g3 e4
28. fxe4 Rexe4 29. Rxe4 fxe4 30. g4 Ke5 31. Rc3 Rd2 32. Rc1 Kd4 33. h3 e3 34.
Re1 Nxc4 35. Bxc4 Kxc4 36. Rxe3 Rxd5 37. Re7 Kxb5 38. Rxa7 c4 39. Re7 c3 40.
Re3 c2 41. Rb3+ Ka4 0-1

[Event "Scarborough CC Late Fall Swiss"]
[Site "Toronto CAN"]
[Date "2006.12.07"]
[Round "6"]
[White "Termeer, Ted"]
[Black "Roe, Jim"]
[Result "0-1"]
[WhiteElo "1345"]
[BlackElo "1590"]
[PlyCount "44"]
[EventDate "2006.11.02"]
[EventType "swiss"]
[EventRounds "8"]
[EventCountry "CAN"]

1. d4 e6 2. c4 d5 3. e3 Nf6 4. a3 Be7 5. Nc3 O-O 6. b3 c5 7. Bb2 cxd4 8. exd4
Nc6 9. Nf3 b6 10. Bd3 dxc4 11. Bxc4 Bb7 12. d5 exd5 13. Nxd5 Nxd5 14. Bxd5 Bf6
15. Bxf6 Qxf6 16. O-O Rad8 17. Re1 Ne7 18. Bxf7+ Qxf7 19. Qe2 Ng6 20. b4 Bxf3
21. Qa6 Qb7 22. Qc4+ Bd5 0-1

[Event "Scarborough CC Late Fall Swiss"]
[Site "Toronto CAN"]
[Date "2006.??.07"]
[Round "6"]
[White "Tursman, Richard"]
[Black "Lung, Stephen"]
[Result "1/2-1/2"]
[WhiteElo "1586"]
[BlackElo "1529"]
[PlyCount "122"]
[EventDate "2006.11.02"]
[EventType "swiss"]
[EventRounds "8"]
[EventCountry "CAN"]

1. e4 e5 2. Nc3 Nf6 3. g3 Nc6 4. Bg2 d6 5. h3 Be7 6. Nge2 O-O 7. d3 Re8 8. Be3
Bd7 9. Qd2 a6 10. f4 exf4 11. gxf4 Rf8 12. f5 Ne5 13. O-O-O c6 14. Nf4 Bc8 15.
Qe2 Ne8 16. d4 Nd7 17. Bf3 c5 18. Rdg1 cxd4 19. Bxd4 Bf6 20. Bxf6 Qxf6 21. Nfd5
Qh6+ 22. Kb1 Ne5 23. Rg3 Kh8 24. Rhg1 g6 25. Qg2 Rg8 26. Ne7 Rg7 27. Ncd5 gxf5
28. Nxc8 Rxc8 29. Ne7 Rd8 30. Nxf5 Rxg3 31. Qxg3 Qf8 32. Nh6 Qg7 33. Ng4 Nxf3
34. Qxf3 Rd7 35. Qe3 f6 36. Ne5 Qxg1+ 37. Qxg1 fxe5 38. Qf2 Kg8 39. b3 Rf7 40.
Qh4 Nf6 41. Qg5+ Kf8 42. Qe3 Kg7 43. Kb2 Re7 44. c4 Rc7 45. Kc2 Ne8 46. Kc3 Nf6
47. Kb4 Kf7 48. Ka5 Ke6 49. b4 Rd7 50. b5 axb5 51. Kxb5 Kf7 52. a4 Kf8 53. Qf3
Kf7 54. Qf5 Ke7 55. a5 Kf7 56. Kb6 Re7 57. Qf1 Rd7 58. Qf2 Ke6 59. Qf5+ Kf7 60.
Qf3 Ke6 61. Qd3 Ke7 1/2-1/2

[Event "Scarborough CC Late Fall Swiss"]
[Site "Toronto CAN"]
[Date "2006.12.14"]
[Round "7"]
[White "Bellomo, Joe"]
[Black "Farrant, David"]
[Result "1-0"]
[WhiteElo "1782"]
[BlackElo "1538"]
[PlyCount "139"]
[EventDate "2006.11.02"]
[EventType "swiss"]
[EventRounds "8"]
[EventCountry "CAN"]

1. e4 c5 2. Nf3 e6 3. d4 cxd4 4. Nxd4 a6 5. Nc3 Qc7 6. Be2 Bb4 7. Bd2 Nf6 8.
Bd3 Nc6 9. Nf3 b5 10. O-O Bb7 11. a3 Bd6 12. h3 O-O 13. Bg5 Ne5 14. Bxf6 Nxd3
15. cxd3 gxf6 16. Rc1 Qb6 17. Qd2 Kh8 18. Qh6 Qd8 19. Ne2 Rg8 20. Qh5 Qf8 21.
Kh1 Qg7 22. Rg1 Qg6 23. Qxg6 Rxg6 24. Nfd4 Be5 25. f4 Bxd4 26. Nxd4 Rag8 27.
Rc7 Ba8 28. Rxd7 R6g7 29. Ra7 f5 30. Nf3 fxe4 31. dxe4 Bxe4 32. Ne1 Rg3 33. Kh2
Re3 34. Nf3 Bxf3 35. gxf3 Rxg1 36. Kxg1 Kg7 37. Kf2 Rb3 38. Rxa6 Rxb2+ 39. Kg3
Rb3 40. Ra5 Kf6 41. h4 h5 42. a4 bxa4 43. Rxa4 Rb5 44. Re4 Rf5 45. Ra4 Kg6 46.
Ra8 Kf6 47. Rg8 e5 48. fxe5+ Rxe5 49. Kf4 Rf5+ 50. Ke3 Re5+ 51. Kf2 Rb5 52. Kg3
Re5 53. Rd8 Re1 54. Rd5 Rg1+ 55. Kf4 Kg6 56. Rd6+ f6 57. Rd4 Rh1 58. Kg3 Rg1+
59. Kf2 Rb1 60. Ra4 Rb2+ 61. Kg3 Rb7 62. Kf4 Re7 63. Ra8 Rd7 64. Rg8+ Rg7 65.
Rxg7+ Kxg7 66. Kf5 Kf7 67. f4 Kg7 68. Ke6 Kg6 69. f5+ Kg7 70. Ke7 1-0

[Event "Scarborough CC Late Fall Swiss"]
[Site "Toronto CAN"]
[Date "2006.12.14"]
[Round "7"]
[White "Garel, Rick"]
[Black "Hall, John"]
[Result "0-1"]
[WhiteElo "1921"]
[BlackElo "2057"]
[PlyCount "89"]
[EventDate "2006.11.02"]
[EventType "swiss"]
[EventRounds "8"]
[EventCountry "CAN"]

1. e4 e5 2. Nc3 Nf6 3. d3 d5 4. Bg5 d4 5. Nd5 c6 6. Nxf6+ gxf6 7. Bd2 Qb6 8.
Rb1 Be6 9. c4 Bb4 10. Bxb4 Qxb4+ 11. Qd2 a5 12. g3 Na6 13. Bh3 Nc5 14. Ke2 Bxc4
15. dxc4 Qxc4+ 16. Kf3 Nxe4 17. Kxe4 Qd5+ 18. Kd3 Qxh1 19. f3 h5 20. Re1 h4 21.
g4 O-O-O 22. Qf2 Rhe8 23. Ke4 d3 24. Ne2 Qxe1 25. Qxe1 dxe2 26. Qxe2 Rd4+ 27.
Ke3 Kb8 28. Bf1 Red8 29. Qc2 Rd1 30. Be2 Rh1 31. Bd3 h3 32. Qf2 Rd1 33. Be4 Ra1
34. Qh4 Rd6 35. Qxh3 Rxa2 36. Qg2 Rd4 37. Bb1 Raa4 38. h4 Rab4 39. Qc2 Rdc4 40.
Qh7 Rxb2 41. h5 Rc1 42. Ke4 Rcxb1 43. Kf5 Rf1 44. Kxf6 Rxf3+ 45. Ke7 0-1

[Event "Scarborough CC Late Fall Swiss"]
[Site "Toronto CAN"]
[Date "2006.12.14"]
[Round "7"]
[White "Lourie, Bill"]
[Black "Dattani, Dinesh"]
[Result "0-1"]
[WhiteElo "1249"]
[BlackElo "1347"]
[PlyCount "75"]
[EventDate "2006.11.02"]
[EventType "swiss"]
[EventRounds "8"]
[EventCountry "CAN"]

1. Nf3 Nf6 2. d4 d5 3. e3 Nc6 4. Bd3 Bg4 5. O-O e6 6. Nbd2 Bd6 7. c4 Nb4 8. Be2
c5 9. a3 Nc6 10. dxc5 Bxc5 11. b4 Be7 12. Bb2 O-O 13. Rc1 Rc8 14. Ne5 Bxe2 15.
Qxe2 Nxe5 16. Bxe5 Bd6 17. f4 Qc7 18. cxd5 Qxc1 19. Rxc1 Rxc1+ 20. Kf2 Bxe5 21.
fxe5 Nxd5 22. Ne4 Rfc8 23. Kg3 h6 24. Qf3 R8c7 25. Nf6+ Nxf6 26. exf6 g6 27. h4
R1c3 28. Kh3 Rxa3 29. Qf4 Rxe3+ 30. Kh2 Rf3 31. gxf3 Rc2+ 32. Kg3 Kh7 33. Qb8
g5 34. h5 Rh2 35. Qf8 Rh3+ 36. Kxh3 g4+ 37. fxg4 a5 38. Qg7# 0-1

[Event "Scarborough CC Late Fall Swiss"]
[Site "Toronto CAN"]
[Date "2006.12.14"]
[Round "7"]
[White "Mesiti, Silvano"]
[Black "Moran, Mario"]
[Result "1-0"]
[WhiteElo "1726"]
[BlackElo "1630"]
[PlyCount "100"]
[EventDate "2006.11.02"]
[EventType "swiss"]
[EventRounds "8"]
[EventCountry "CAN"]

1. e4 e6 2. Nf3 d5 3. e5 c5 4. c3 Ne7 5. Bb5+ Bd7 6. Bxd7+ Qxd7 7. O-O Nbc6 8.
d4 Nf5 9. Be3 cxd4 10. cxd4 Be7 11. Nc3 O-O 12. Bf4 a5 13. a3 Rac8 14. Rc1 Na7
15. Qd3 Rc4 16. Ne2 Rfc8 17. Rc3 Nb5 18. Rxc4 Rxc4 19. Rc1 Rxc1+ 20. Bxc1 Bd8
21. Bd2 b6 22. h3 Nc7 23. Nc3 Ne8 24. Bg5 Bxg5 25. Nxg5 Qd8 26. Nf3 Nc7 27. Qd2
Qd7 28. Qd3 h6 29. g4 Ne7 30. Kg2 a4 31. Kg3 b5 32. Ne1 Nc8 33. Nc2 Nb6 34. Ne3
Nc4 35. Nxc4 dxc4 36. Qe3 Nd5 37. Nxd5 Qxd5 38. f3 Qb7 39. Qc3 g5 40. Qb4 Kg7
41. Kf2 Qd5 42. Ke3 Kg6 43. Qe7 Qc6 44. Qf6+ Kh7 45. Qxf7+ Kh8 46. Qf8+ Kh7 47.
Qc5 Qd7 48. Qd6 Qc8 49. Kd2 Kg6 50. d5 Kf7 1-0

[Event "Scarborough CC Late Fall Swiss"]
[Site "Toronto CAN"]
[Date "2006.12.14"]
[Round "7"]
[White "Moysoski, Randy"]
[Black "Rapoport, Alexander"]
[Result "0-1"]
[WhiteElo "1918"]
[BlackElo "1989"]
[PlyCount "123"]
[EventDate "2006.11.02"]
[EventType "swiss"]
[EventRounds "8"]
[EventCountry "CAN"]

1. e4 c5 2. Nc3 e6 3. f4 Nc6 4. Nf3 Qc7 5. d3 d6 6. g3 a6 7. Bg2 Nf6 8. O-O Be7
9. h3 Bd7 10. a3 O-O-O 11. Na4 Nd4 12. c4 Nxf3+ 13. Bxf3 Bc6 14. b4 Nd7 15. Nc3
Bf6 16. Bb2 cxb4 17. axb4 Qb6+ 18. Kg2 Qxb4 19. Qc2 Nc5 20. Rfb1 Qb6 21. Nd5
Qb3 22. Qxb3 Nxb3 23. Bxf6 exd5 24. cxd5 gxf6 25. dxc6 Nxa1 26. cxb7+ Kb8 27.
Rxa1 Kxb7 28. Bg4 Kb6 29. Bf5 d5 30. Rb1+ Kc5 31. Rb7 dxe4 32. Bxe4 a5 33. Kf3
a4 34. Ke3 Rb8 35. Ra7 Kb4 36. Kd2 Rhg8 37. g4 Rh8 38. Bc6 a3 39. Ra4+ Kb3 40.
Ra7 Kb2 41. Bd5 h5 42. g5 fxg5 43. fxg5 Rb5 44. Bxf7 Rxg5 45. Rb7+ Ka1 46. Ra7
Rg2+ 47. Kc3 Rc8+ 48. Bc4 a2 49. Ra5 Kb1 50. Rb5+ Kc1 51. Ra5 Rc2+ 52. Kd4 Kb1
53. Rb5+ Rb2 54. Bxa2+ Kxa2 55. Rxh5 Rb4+ 56. Ke3 Kb2 57. d4 Kc3 58. Rh4 Re8+
59. Kf3 Rxd4 60. Rg4 Rd3+ 61. Kf2 Rxh3 62. Ra4 0-1

[Event "Scarborough CC Late Fall Swiss"]
[Site "Toronto CAN"]
[Date "2006.??.??"]
[Round "7"]
[White "Paterson, Jim"]
[Black "Armstrong, Robert J"]
[Result "1/2-1/2"]
[WhiteElo "1923"]
[BlackElo "1875"]
[PlyCount "64"]
[EventDate "2006.11.02"]
[EventType "swiss"]
[EventRounds "8"]
[EventCountry "CAN"]

1. b3 Nf6 2. Bb2 g6 3. g4 Bg7 4. g5 Nh5 5. Bxg7 Nxg7 6. Nf3 b6 7. Nc3 Bb7 8. e4
d6 9. h4 Nd7 10. Bh3 c5 11. Bg4 h5 12. Bh3 Nf8 13. Qe2 Nfe6 14. Qb5+ Qd7 15.
Qxd7+ Kxd7 16. Nd5 Rhd8 17. d3 Ke8 18. Kd2 Bxd5 19. exd5 Nf4 20. c4 Nxh3 21.
Rxh3 Nf5 22. Kc3 Kd7 23. d4 Rac8 24. a4 a5 25. Re1 Rc7 26. dxc5 bxc5 27. Nd2
Rb7 28. Re4 Rdb8 29. Rh1 Nd4 30. Rhe1 Kd8 31. Rb1 Kd7 32. Rbe1 Kd8 1/2-1/2

[Event "Scarborough CC Late Fall Swiss"]
[Site "Toronto CAN"]
[Date "2006.12.14"]
[Round "7"]
[White "Perez, Michael"]
[Black "Morra, Lui"]
[Result "1-0"]
[WhiteElo "1653"]
[BlackElo "1561"]
[PlyCount "61"]
[EventDate "2006.11.02"]
[EventType "swiss"]
[EventRounds "8"]
[EventCountry "CAN"]

1. d4 Nf6 2. c4 g6 3. Nc3 Bg7 4. Bf4 d6 5. Qd2 h6 6. e4 Nbd7 7. Nf3 g5 8. Be3
Ng4 9. Bxg5 Nxf2 10. Qxf2 hxg5 11. Nxg5 Bf6 12. Nf3 c5 13. O-O-O cxd4 14. Nxd4
Qb6 15. Nd5 Bg5+ 16. Kb1 Qa5 17. Nb5 O-O 18. Qg3 f6 19. h4 Nc5 20. hxg5 Nxe4
21. Qd3 Nxg5 22. Nxe7+ Kf7 23. Qd5+ Kxe7 24. Qxd6+ Kf7 25. Qd5+ Kg7 26. Bd3 Bg4
27. Qxb7+ Nf7 28. Rh7+ Kg8 29. Rdh1 Rab8 30. Rh8+ Nxh8 31. Qh7# 1-0

[Event "Scarborough CC Late Fall Swiss"]
[Site "Toronto CAN"]
[Date "2006.12.14"]
[Round "7"]
[White "Roe, Jim"]
[Black "Douglas, Steve"]
[Result "1/2-1/2"]
[WhiteElo "1590"]
[BlackElo "1589"]
[PlyCount "74"]
[EventDate "2006.11.02"]
[EventType "swiss"]
[EventRounds "8"]
[EventCountry "CAN"]

1. d4 Nf6 2. c4 g6 3. Nc3 Bg7 4. Nf3 O-O 5. e3 d6 6. Bd2 Re8 7. Be2 Nbd7 8. e4
e5 9. d5 Nc5 10. Qc2 a5 11. O-O Nh5 12. Ne1 Nf4 13. f3 Qg5 14. Kh1 Qe7 15. Nd3
Ncxd3 16. Bxd3 h5 17. Ne2 Qf6 18. Be3 Bd7 19. Qd2 g5 20. Ng1 Kh7 21. g3 Nh3 22.
Nxh3 Bxh3 23. Bxg5 Qg6 24. Rf2 Rh8 25. Rg1 Bf8 26. Bh4 Bh6 27. Qc2 Be3 28. Qe2
Bxf2 29. Qxf2 f6 30. Qe3 b6 31. Rc1 Raf8 32. f4 f5 33. Bg5 fxe4 34. Bxe4 Bf5
35. Bf3 Bh3 36. Be4 Bf5 37. Bf3 Bh3 1/2-1/2

[Event "Scarborough CC Late Fall Swiss"]
[Site "Toronto CAN"]
[Date "2006.??.??"]
[Round "8"]
[White "Armstrong, Robert J"]
[Black "Roe, Jim"]
[Result "0-1"]
[WhiteElo "1875"]
[BlackElo "1560"]
[PlyCount "46"]
[EventDate "2006.11.02"]
[EventType "swiss"]
[EventRounds "8"]
[EventCountry "CAN"]

1. d4 e6 2. c4 d5 3. e3 Nf6 4. Nf3 Be7 5. Bd3 dxc4 6. Bxc4 c5 7. O-O O-O 8. Nc3
Nc6 9. b3 cxd4 10. exd4 b6 11. Bb2 Bb7 12. Rc1 Rc8 13. d5 exd5 14. Nxd5 Nxd5
15. Bxd5 Bf6 16. Ba3 Re8 17. Qd2 Na5 18. Rxc8 Bxc8 19. Rd1 Bb7 20. Bxf7+ Kxf7
21. Qd7+ Kg8 22. b4 Bxf3 23. gxf3 Re1+ 0-1

[Event "Scarborough CC Late Fall Swiss"]
[Site "Toronto CAN"]
[Date "2006.12.21"]
[Round "8"]
[White "Dattani, Dinesh"]
[Black "Lung, Stephen"]
[Result "0-1"]
[WhiteElo "1347"]
[BlackElo "1529"]
[PlyCount "60"]
[EventDate "2006.11.02"]
[EventType "swiss"]
[EventRounds "8"]
[EventCountry "CAN"]

1. e4 e5 2. Nf3 Nc6 3. Bb5 a6 4. Ba4 Nf6 5. O-O b5 6. Bb3 d6 7. d3 Bg4 8. h3
Bh5 9. g4 Bg6 10. Nh4 Be7 11. Nxg6 hxg6 12. Kg2 Na5 13. Nd2 Nxb3 14. Nxb3 d5
15. Na5 Qd6 16. Bg5 Nh5 17. Bxe7 Nf4+ 18. Kh2 Rxh3+ 19. Kg1 Kxe7 20. f3 Qb6+
21. Rf2 Qxa5 22. Rh2 Qb6+ 23. d4 Rah8 24. Rxh3 Rxh3 25. exd5 Nxd5 26. c3 Nf4
27. Qe1 f6 28. Rd1 Rxf3 29. Kh2 Rh3+ 30. Kg1 Qc6 0-1

[Event "Scarborough CC Late Fall Swiss"]
[Site "Toronto CAN"]
[Date "2006.12.21"]
[Round "8"]
[White "Farrant, David"]
[Black "Paterson, Jim"]
[Result "0-1"]
[WhiteElo "1538"]
[BlackElo "1923"]
[PlyCount "80"]
[EventDate "2006.11.02"]
[EventType "swiss"]
[EventRounds "8"]
[EventCountry "CAN"]

1. e4 e5 2. Nf3 Nf6 3. Nxe5 d6 4. Nf3 Nxe4 5. Qe2 Qe7 6. d3 Nc5 7. Nc3 c6 8.
Be3 Nba6 9. O-O-O Bg4 10. h3 Be6 11. Nd4 g6 12. Nxe6 fxe6 13. g4 Bg7 14. Qd2 e5
15. Re1 O-O-O 16. Bg2 Qc7 17. f4 exf4 18. Bxf4 Rde8 19. Ne4 Nxe4 20. Rxe4 Nc5
21. Rc4 Ne6 22. Bg3 h5 23. Qb4 Be5 24. Bxe5 dxe5 25. Rf1 hxg4 26. hxg4 Rh2 27.
Bd5 Nf4 28. Be4 Reh8 29. Qc5 b5 30. Qxc6 bxc4 31. Qa8+ Kd7 32. Rxf4 Rxa8 33.
Rf7+ Kd6 34. Rxc7 Kxc7 35. Bxa8 cxd3 36. cxd3 Kd6 37. Be4 g5 38. a3 Kc5 39. b4+
Kb5 40. Kb1 Ka4 0-1

[Event "Scarborough CC Late Fall Swiss"]
[Site "Toronto CAN"]
[Date "2006.12.21"]
[Round "8"]
[White "Graham, John"]
[Black "Ben-Avraham, Mark"]
[Result "1-0"]
[WhiteElo "1573"]
[BlackElo "1113"]
[PlyCount "53"]
[EventDate "2006.11.02"]
[EventType "swiss"]
[EventRounds "8"]
[EventCountry "CAN"]

1. e4 e6 2. Nc3 d5 3. Nf3 Bb4 4. b3 d4 5. Ne2 Nc6 6. Bb2 e5 7. Ng3 Nf6 8. Be2
Be6 9. O-O Qd7 10. Ne1 O-O-O 11. Nd3 g5 12. c3 Be7 13. cxd4 Nxd4 14. Nxe5 Qd6
15. Nc4 Qf4 16. Ne3 Nxe4 17. Nxe4 Qxe4 18. Re1 Bd5 19. Nxd5 Qxd5 20. Bg4+ f5
21. Rxe7 fxg4 22. Qxg4+ Kb8 23. Rc1 Rhe8 24. Rxe8 Rxe8 25. Qxd4 Qxd4 26. Bxd4
Re2 27. Be3 1-0

[Event "Scarborough CC Late Fall Swiss"]
[Site "Toronto CAN"]
[Date "2006.12.21"]
[Round "8"]
[White "Guo, Joshua"]
[Black "Hall, John"]
[Result "1-0"]
[WhiteElo "2104"]
[BlackElo "2057"]
[PlyCount "90"]
[EventDate "2006.11.02"]
[EventType "swiss"]
[EventRounds "8"]
[EventCountry "CAN"]

1. e4 e5 2. Nf3 Nc6 3. Bb5 a6 4. Bxc6 dxc6 5. O-O Qf6 6. d4 exd4 7. Nxd4 Bd7 8.
e5 Qg6 9. Be3 O-O-O 10. Nd2 Nh6 11. f3 Bh3 12. Qe2 Nf5 13. Nxf5 Bxf5 14. Ne4
Bxe4 15. fxe4 Qxe4 16. Rxf7 Bc5 17. Re1 Qxe5 18. Bxc5 Qxc5+ 19. Qe3 Qxe3+ 20.
Rxe3 Rhf8 21. Rxf8 Rxf8 22. Re7 Rg8 23. g4 c5 24. Kf2 b6 25. Kf3 Kb7 26. Ke4
Kc6 27. Ke5 h6 28. h4 h5 29. g5 Rd8 30. Rxg7 Rd4 31. Rh7 Rxh4 32. g6 Rg4 33.
Kf6 h4 34. g7 h3 35. Rxh3 Rg2 36. Rh5 Kb5 37. Rg5 Rf2+ 38. Ke7 Re2+ 39. Kd7
Rxc2 40. g8=Q Rxb2 41. Kxc7 Ka4 42. Qc4+ Ka5 43. Qc3+ Rb4 44. a3 b5 45. axb4+
cxb4 1-0

[Event "Scarborough CC Late Fall Swiss"]
[Site "Toronto CAN"]
[Date "2006.12.21"]
[Round "8"]
[White "Karpik, Steve"]
[Black "Philip, Andrew"]
[Result "1/2-1/2"]
[WhiteElo "1615"]
[BlackElo "1698"]
[PlyCount "111"]
[EventDate "2006.11.02"]
[EventType "swiss"]
[EventRounds "8"]
[EventCountry "CAN"]

1. Nf3 g6 2. d4 Bg7 3. c4 Nf6 4. Nc3 O-O 5. e4 d6 6. Bd2 Nbd7 7. Qc1 Re8 8. Bh6
Bh8 9. h3 e5 10. d5 Nc5 11. Ng5 a5 12. Be2 Bg7 13. Bxg7 Kxg7 14. Qe3 h6 15. Nf3
Nh7 16. h4 f5 17. exf5 gxf5 18. g3 Qf6 19. Nb5 Re7 20. O-O-O b6 21. Nh2 Bb7 22.
g4 f4 23. Qf3 e4 24. Qc3 Qxc3+ 25. Nxc3 e3 26. f3 Nf6 27. g5 hxg5 28. Rdg1 Nh5
29. Rxg5+ Kh6 30. Ng4+ Kh7 31. Rxh5+ Kg6 32. Rg5+ Kf7 33. Rg1 Rh8 34. h5 Bc8
35. b3 Rh7 36. Rh1 Bd7 37. Nb5 Bc8 38. Nd4 Re8 39. Nf5 Reh8 40. h6 Bxf5 41.
Rxf5+ Kg6 42. Rhh5 Re7 43. h7 Nd7 44. Rfg5+ Kf7 45. Nh6+ Kf6 46. Ng8+ Kf7 47.
Nxe7 Kxe7 48. Rg8 Rxh7 49. Rxh7+ Kf6 50. Rg1 Ne5 51. Rh6+ Kf7 52. Rh7+ Kf6 53.
Rh4 Kf5 54. Rh6 Nd7 55. Rh7 Ne5 56. Rxc7 1/2-1/2

[Event "Scarborough CC Late Fall Swiss"]
[Site "Toronto CAN"]
[Date "2006.12.21"]
[Round "8"]
[White "Moran, Mario"]
[Black "Bellomo, Joe"]
[Result "0-1"]
[WhiteElo "1630"]
[BlackElo "1782"]
[PlyCount "144"]
[EventDate "2006.11.02"]
[EventType "swiss"]
[EventRounds "8"]
[EventCountry "CAN"]

1. f4 d5 2. Nf3 Nf6 3. e3 e6 4. b3 Be7 5. Bb2 O-O 6. Ne5 Nc6 7. Nxc6 bxc6 8.
Bd3 c5 9. O-O Bb7 10. Qe2 a5 11. c4 d4 12. e4 Ne8 13. e5 g6 14. Na3 Ng7 15. Be4
Bxe4 16. Qxe4 Nf5 17. g4 Nh6 18. h3 Qd7 19. d3 Kh8 20. Bc1 Ng8 21. g5 Ra6 22.
Bd2 Qc6 23. Qxc6 Rxc6 24. Nb5 Ra8 25. a4 Bd8 26. Rf2 Ne7 27. Kg2 Nf5 28. Rh1
Rb6 29. Rb1 c6 30. Nd6 Nxd6 31. exd6 Rb7 32. f5 gxf5 33. Bf4 Rd7 34. Be5+ Kg8
35. Rf4 Bxg5 36. Rf3 f6 37. Bg3 Kf7 38. h4 Be3 39. h5 Rg8 40. Kh3 Rg4 41. Rb2
Rg5 42. Kh4 Rg8 43. Kh3 f4 44. Bxf4 Bxf4 45. Rxf4 Rxd6 46. Rg4 Rdd8 47. Rbg2
Rxg4 48. Rxg4 Rb8 49. h6 Rg8 50. Rh4 Rg5 51. Re4 e5 52. Kh4 Kg6 53. Re2 Rh5+
54. Kg4 Kxh6 55. Rf2 Rg5+ 56. Kh4 Kg6 57. Rf1 h6 58. Rf2 h5 59. Re2 Rg4+ 60.
Kh3 Kg5 61. Re1 h4 62. Re2 Rg3+ 63. Kh2 Rxd3 64. Rg2+ Rg3 65. Rb2 e4 66. Rb1 d3
67. Rd1 Kf4 68. Rf1+ Rf3 69. Rd1 Ke3 70. Kg2 Ke2 71. Rb1 d2 72. Rb2 Ke1 0-1